Li Lun, lad of courage / (Record no. 48026)
| 000 -LEADER | |
|---|---|
| fixed length control field | 00773pam a2200217 a 4500 |
| 001 - CONTROL NUMBER | |
| control field | 1142510 |
| 005 - DATE AND TIME OF LATEST TRANSACTION | |
| control field | 20241203105225.0 |
| 010 ## - LIBRARY OF CONGRESS CONTROL NUMBER | |
| LC control number | 95011285 |
| 020 ## - INTERNATIONAL STANDARD BOOK NUMBER | |
| International Standard Book Number | 0802774687 |
| 100 1# - MAIN ENTRY--PERSONAL NAME | |
| Personal name | Treffinger, Carolyn. |
| 9 (RLIN) | 85822 |
| 245 10 - TITLE STATEMENT | |
| Title | Li Lun, lad of courage / |
| Statement of responsibility, etc | Carolyn Treffinger ; illustrations by Kurt Wiese. |
| 260 ## - PUBLICATION, DISTRIBUTION, ETC. (IMPRINT) | |
| Place of publication, distribution, etc | New York : |
| Name of publisher, distributor, etc | Walker, |
| Date of publication, distribution, etc | 1995. |
| 300 ## - PHYSICAL DESCRIPTION | |
| Extent | 93 p. : |
| Other physical details | ill. ; |
| Dimensions | 18 cm. |
| 440 #4 - SERIES STATEMENT/ADDED ENTRY--TITLE | |
| Title | The Newbery honor roll |
| 500 ## - GENERAL NOTE | |
| General note | Originally published: Nashville : Abingdon-Cokesbury Press, 1947. |
| 520 ## - SUMMARY, ETC. | |
| Summary, etc | Because of his fear of the sea, a young Chinese boy is sent to a distant mountain where he proves his bravery. |
| 650 #1 - SUBJECT ADDED ENTRY--TOPICAL TERM | |
| Topical term or geographic name as entry element | Courage |
| Form subdivision | Fiction. |
| 651 #1 - SUBJECT ADDED ENTRY--GEOGRAPHIC NAME | |
| Geographic name | China |
| Form subdivision | Fiction. |
| 700 1# - ADDED ENTRY--PERSONAL NAME | |
| Personal name | Wiese, Kurt, |
| Dates associated with a name | 1887-1974, |
| Relator term | ill. |
| 9 (RLIN) | 85823 |
| 942 ## - ADDED ENTRY ELEMENTS (KOHA) | |
| Source of classification or shelving scheme | |
| Koha item type | Book |
| Withdrawn status | Lost status | Source of classification or shelving scheme | Damaged status | Not for loan | Home library | Current library | Shelving location | Date acquired | Total Checkouts | Full call number | Barcode | Date last seen | Date checked out | Price effective from | Koha item type |
|---|---|---|---|---|---|---|---|---|---|---|---|---|---|---|---|
| Asian Hope Primary Library | Asian Hope Primary Library | Junior Fiction | 12/03/2024 | 1 | J FIC TRE | 206954 | 04/02/2025 | 03/19/2025 | 12/03/2024 | Book |